01541 am a2200337ua 4500999001700000001001000017003000900027005001700036008004100053020001500094020001800109040003100127082002000158100004100178245013300219246002100352250002000373264005900393300004600452336002600498337002800524338002700552520027700579650006100856653002700917655001700944700002900961700003900990942001201029952016201041 c27943d27914006728417EG-ScBUE20191223113310.0900620r19901996enka f 000 0 eng d a0521359899 a9780521359894 aUkbengerdacUkdEG-ScBUE04a428.24bRIC2221 aRichards, Jack C,‏d1943-eauthor.10aInterchange :bEnglish for international communication.n1,pTeacher's manual /cJack C. Richards, Jonathan Hull, Susan Proctor.30aTeacher's manual aSixth printing. 1aCambridge, U.K. :bCambridge University Press, c1996. aviii, 184 pages :billustrations ;c25 cm atext2rdacontentbtxt aunmediated2rdamediabn avolume2rdacarrierbnc aThis is the teacher's manual for "Interchange", level three. "Interchange" is a three-level course for learners of English as a foreign language. The course reflects the interests and needs of adults and young adults, taking them from beginning to high intermediate level. 7aEnglish languagevTextbooks for foreign speakers.2BUEsh bHHUUEENNcDecember2019 vReading book1 aHull, Jonathan,eauthor.1 aProctor, Susan,‏d1945-eauthor. 2ddccBB 00102ddc40708AlahramaMAINbMAINc2NDd2010-07-04epurchaseg86.00h72l0o428.24 RICp000016738r2025-07-15 00:00:00w2010-07-04yTRzTeacher's manual 1